Statistics for Halsey - You Should Be Sad

Click here to take the quiz!

General Stats

  • This quiz has been taken 222 times
  • The average score is 344 of 393

Answer Stats

Answer% Correct
I
100%
a
99%
sad
99%
You
99%
you
99%
be
98%
no
98%
No
98%
so
96%
So
96%
the
96%
had
95%
it
95%
It
95%
to
95%
baby
94%
ever
94%
I'm
94%
never
94%
of
94%
in
93%
just
93%
Just
93%
with
93%
And
92%
and
92%
should
92%
me
91%
my
91%
glad
90%
who
90%
are
89%
Cause
89%
not
89%
Oh
89%
say
89%
that
89%
That
89%
love
88%
can't
87%
for
87%
Got
87%
got
87%
out
87%
your
87%
some
86%
start
86%
cars
85%
feel
85%
get
85%
mad
85%
man
85%
sorry
85%
help
84%
money
84%
off
84%
regret
84%
there's
84%
this
84%
tried
84%
chest
83%
drugs
83%
little
83%
think
83%
bit
82%
gotta
82%
made
82%
wanna
82%
you're
82%
half
81%
something
81%
nothing
80%
on
79%
About
78%
about
78%
then
78%
unless
78%
again
77%
anger
77%
inside
77%
things
77%
fill
76%
hole
76%
I'll
76%
I've
76%
tell
76%
touch
76%
will
76%
down
75%
f***ing
75%
nobody
75%
way
75%
far
74%
all
73%
enough
73%
girls
73%
them
73%
from
72%
gonna
72%
Gonna
72%
tears
72%
without
72%
else
71%
warning
71%
by
70%
ran
70%
would
70%
breaking
69%
malice
69%
alligator
68%
broken
68%
really
68%
well
68%
Won't
68%
But
67%
meant
66%
see
66%
back
65%
put
65%
right
65%
Take
65%
Yeah
65%
hands
63%
his
63%
saying
63%
parts
59%
know
58%
Know
58%
Bout
51%
jot
49%
Hey
46%

Score Distribution

Percentile by Number Answered

Percent of People with Each Score

Your Score History

You have not taken this quiz